Population and overcrowding/ (Record no. 52310)
[ view plain ]
| 000 -LEADER | |
|---|---|
| fixed length control field | 00802nam a2200241 b 4500 |
| 005 - DATE AND TIME OF LATEST TRANSACTION | |
| control field | 20240715112630.0 |
| 008 - FIXED-LENGTH DATA ELEMENTS--GENERAL INFORMATION | |
| fixed length control field | 220630s9999 xx 000 0 und d |
| 020 ## - INTERNATIONAL STANDARD BOOK NUMBER | |
| International Standard Book Number | <a href="9781422229453">9781422229453</a> |
| Qualifying information | (hbk) |
| 040 ## - CATALOGING SOURCE | |
| Original cataloging agency | RDA |
| Transcribing agency | 3228 |
| 041 ## - LANGUAGE CODE | |
| Language | English |
| 082 ## - DEWEY DECIMAL CLASSIFICATION NUMBER | |
| Classification number | J363.91096 OBAD |
| 942 ## - ADDED ENTRY ELEMENTS | |
| Modifier ID | 367 |
| Modifier Name | Ellen Msibi |
| 100 ## - MAIN ENTRY--PERSONAL NAME | |
| Personal name | Obadina,Tunde |
| 245 #0 - TITLE STATEMENT | |
| Title | Population and overcrowding/ |
| Statement of responsibility, etc. | Tunde Obadina. |
| 260 ## - PUBLICATION, DISTRIBUTION, ETC. | |
| Place of publication, distribution, etc. | Broomall: |
| Name of publisher, distributor, etc. | Mason Crest; |
| Date of publication, distribution, etc. | 2014. |
| 300 ## - PHYSICAL DESCRIPTION | |
| Extent | 112 pages.: |
| Other physical details | colour illustrations |
| Dimensions | 25 cm. |
| 490 ## - SERIES STATEMENT | |
| Series statement | Africa: progress and problems |
| 504 ## - BIBLIOGRAPHY, ETC. NOTE | |
| Bibliography, etc. note | Includes bibliographical references and index. |
| 650 ## - SUBJECT ADDED ENTRY--TOPICAL TERM | |
| Topical term or geographic name entry element | Africa |
| Form subdivision | Population |
| General subdivision | Juvenile literature |
| 9 (RLIN) | 187543 |
| 650 ## - SUBJECT ADDED ENTRY--TOPICAL TERM | |
| Topical term or geographic name entry element | Overpopulation |
| Form subdivision | Juvenile literature |
| Geographic subdivision | Africa |
| 9 (RLIN) | 187544 |
| 650 ## - SUBJECT ADDED ENTRY--TOPICAL TERM | |
| Topical term or geographic name entry element | Rural urban migration |
| Geographic subdivision | Africa |
| 9 (RLIN) | 187545 |
| 942 ## - ADDED ENTRY ELEMENTS | |
| item type | Book |
| Source of classification or shelving scheme | Dewey Decimal Classification |
| Withdrawn status | Lost status | Damaged status | Not for loan | Home library | Current library | Date acquired | Cost, normal purchase price | Total Checkouts | Barcode | Date last seen | Price effective from | item type | Public note | Source of classification or shelving scheme | Collection code | Shelving location | Full call number | Inventory number | Cost, replacement price |
|---|---|---|---|---|---|---|---|---|---|---|---|---|---|---|---|---|---|---|---|
| ERMELO REGIONAL LIBRARY | Ethandukukhanya Public Library | 08.09.2025 | 116.50 | 33228031004757 | 08.09.2025 | 08.09.2025 | Book | Dewey Decimal Classification | 300: Social Science | General Stacks | J 363.91096 OBAD | ||||||||
| Nasaret PL (MMID-PLST-NASA) | Nasaret PL (MMID-PLST-NASA) | 02.07.2022 | 258.15 | 3390900077584 | 02.07.2022 | 02.07.2022 | Books | 11/19/ | |||||||||||
| Perdekop (do not use) | Perdekop (do not use) | 14.05.2026 | 331.00 | 9781422229453 | 14.05.2026 | Book | Dewey Decimal Classification | 300: Social Science | Children's Area | J 363.91096 OBAD | 9781422229453 | 331.00 | |||||||
| Secunda | Secunda | 15.07.2024 | 33228017374024 | 15.07.2024 | 15.07.2024 | Book | Dewey Decimal Classification | 300: Social Science | Reference | J/R 363.91096 OBAD |